| 000 | 00838nac a22002171u 4500 | ||
|---|---|---|---|
| 008 | 130221b xxu||||| |||| 00| 0 eng d | ||
| 010 | _a 2004000648 | ||
| 020 | _a0321197534 (alk. paper) | ||
| 082 | 0 | 0 |
_a330 _bMIL _222 |
| 100 |
_aMiller, Roger LeRoy. _932675 |
||
| 245 | 1 | 0 |
_aUnderstanding modern economics / _cRoger LeRoy Miller. |
| 260 |
_aBoston : _bPearson/Addison-Wesley,c2005. _cc2005. |
||
| 300 |
_a1 v. (various pagings) : _bcol. ill. ; _c28 cm. + _e1 CD-ROM (4 3/4 in.) |
||
| 440 | 4 |
_aThe Addison-Wesley series in economics _932676 |
|
| 500 | _aDistributer: Al-Ahram. | ||
| 504 | _aIncludes bibliographical references and index. | ||
| 511 | _aCatalogued By: Mahitab. | ||
| 650 | 0 |
_aEconomics. _932677 |
|
| 856 | 4 | 1 |
_3Table of contents _uhttp://www.loc.gov/catdir/toc/ecip0413/2004000648.html |
| 942 |
_cBB _k330 MIL _2ddc |
||
| 999 |
_c6679 _d6679 |
||